000 00202 a2200097 4500
001 1451
100 _aMantell, G.L
245 _aElectrical engineering
260 _a
_bMcgrawhill
_c
090 _c994
_d994
942 _aNUST-CAE
_cM
_c36866
999 _c236524
_d236524